The Devonian of Pennsylvania : (Record no. 27585)

MARC details
000 -LEADER
fixed length control field 01189cam a22002891i 4500
001 - CONTROL NUMBER
control field gs 39000291
003 - CONTROL NUMBER IDENTIFIER
control field DLC
005 - DATE AND TIME OF LATEST TRANSACTION
control field 20260227111345.0
008 - FIXED-LENGTH DATA ELEMENTS--GENERAL INFORMATION
fixed length control field 830301s1939 paua b s000 0 eng c
010 ## - LIBRARY OF CONGRESS CONTROL NUMBER
LC control number gs 39000291
035 ## - SYSTEM CONTROL NUMBER
System control number (OCoLC)9267463
040 ## - CATALOGING SOURCE
Original cataloging agency U.S. Geol. Survey. Libr
Transcribing agency OAU
Modifying agency OCoLC
-- DLC
050 00 - LIBRARY OF CONGRESS CALL NUMBER
Classification number QE665
Item number .P42 1939
110 1# - MAIN ENTRY--CORPORATE NAME
Corporate name or jurisdiction name as entry element Pennsylvania.
Subordinate unit Bureau of Topographic and Geologic Survey.
245 14 - TITLE STATEMENT
Title The Devonian of Pennsylvania :
Remainder of title Middle and upper Devonian /
Statement of responsibility, etc. by Bradford Willard; Keyser limestone and Helderberg group, by Frank M. Swartz; Oriskany group, by Arthur B. Cleaves.
260 ## - PUBLICATION, DISTRIBUTION, ETC.
Place of publication, distribution, etc. Harrisburg, Pa. :
Name of publisher, distributor, etc. Dept. of internatl affairs, Topographic and geologic survey,
Date of publication, distribution, etc. 1939.
300 ## - PHYSICAL DESCRIPTION
Extent xii, 481 p. :
Other physical details ill. ;
Dimensions 24 cm.
440 #0 - SERIES STATEMENT/ADDED ENTRY--TITLE
Title Bulletin G ;
Volume/sequential designation 19
500 ## - GENERAL NOTE
General note At head of title: Pennsylvania Geological Survey, Fourth series.
504 ## - BIBLIOGRAPHY, ETC. NOTE
Bibliography, etc. note Bibliography: p. 434-445.
650 #0 - SUBJECT ADDED ENTRY--TOPICAL TERM
Topical term or geographic name entry element Geology, Stratigraphic
Chronological subdivision Devonian.
650 #0 - SUBJECT ADDED ENTRY--TOPICAL TERM
Topical term or geographic name entry element Geology
Geographic subdivision Pennsylvania.
650 #0 - SUBJECT ADDED ENTRY--TOPICAL TERM
Topical term or geographic name entry element Paleontology
Chronological subdivision Devonian.
700 1# - ADDED ENTRY--PERSONAL NAME
Personal name Willard, Bradford,
Dates associated with a name 1894-
700 1# - ADDED ENTRY--PERSONAL NAME
Personal name Swartz, Frank M.
Fuller form of name (Frank McKim),
Dates associated with a name 1899-
700 1# - ADDED ENTRY--PERSONAL NAME
Personal name Cleaves, Arthur B.
Fuller form of name (Arthur Bailey),
Dates associated with a name 1905-

No items available.

Powered by Koha